Celia Cruz, queen of salsa / (Record no. 2280)

MARC details
000 -LEADER
fixed length control field 00942cam a22002894a 4500
005 - DATE AND TIME OF LATEST TRANSACTION
control field 20231115083754.0
020 ## - INTERNATIONAL STANDARD BOOK NUMBER
International Standard Book Number 0803729707
020 ## - INTERNATIONAL STANDARD BOOK NUMBER
International Standard Book Number 9780142407790
040 ## - CATALOGING SOURCE
Original cataloging agency DLC
Transcribing agency DLC
Modifying agency DLC
Language of cataloging eng
050 00 - LIBRARY OF CONGRESS CALL NUMBER
Classification number ML3930.C96
Item number C43 2005
082 00 - DEWEY DECIMAL CLASSIFICATION NUMBER
Classification number 782.42164/092
-- B
Edition number 22
100 1# - MAIN ENTRY--PERSONAL NAME
Personal name Chambers, Veronica
245 10 - TITLE STATEMENT
Title Celia Cruz, queen of salsa /
Statement of responsibility, etc. Veronica Chambers ; illustrated by Julie Maren.
260 ## - PUBLICATION, DISTRIBUTION, ETC.
Place of publication, distribution, etc. New York :
Name of publisher, distributor, etc. Puffin Group,
Date of publication, distribution, etc. 2005
300 ## - PHYSICAL DESCRIPTION
Extent 32 unnumbered pages :
Other physical details Illustrations
Dimensions 26x26 cm
505 ## - FORMATTED CONTENTS NOTE
Formatted contents note W
520 ## - SUMMARY, ETC.
Summary, etc. Introduces the Queen of Salsa who has a magical vibrancy as a Cuban Salsa Singer.
521 ## - TARGET AUDIENCE NOTE
Target audience note 920
Source Lexile
521 ## - TARGET AUDIENCE NOTE
Target audience note W
Source Raz-PlusW
650 #0 - SUBJECT ADDED ENTRY--TOPICAL TERM
Topical term or geographic name entry element Singers
Geographic subdivision Latin America
Form subdivision Biography
-- Juvenile literature.
650 #0 - SUBJECT ADDED ENTRY--TOPICAL TERM
Topical term or geographic name entry element Biography
650 #0 - SUBJECT ADDED ENTRY--TOPICAL TERM
Topical term or geographic name entry element Latin America
700 1# - ADDED ENTRY--PERSONAL NAME
Personal name Maren, Julie
Dates associated with a name 1970-
Relator term illustrator
906 ## - LOCAL DATA ELEMENT F, LDF (RLIN)
a 7
b cbc
c orignew
d 1
e ecip
f 20
g y-gencatlg
942 ## - ADDED ENTRY ELEMENTS (KOHA)
Source of classification or shelving scheme Dewey Decimal Classification
Koha item type Books
Suppress in OPAC No
999 ## -
-- 2280
-- 2280
Holdings
Withdrawn status Lost status Source of classification or shelving scheme Damaged status Not for loan Collection Home library Current library Shelving location Date acquired Total Checkouts Full call number Barcode Date last seen Price effective from Koha item type
    Dewey Decimal Classification     Non-Fiction Footprints International School Library Network Toul Kork Campus Footprints International School Library Network Toul Kork Campus A TK Campus, 4th Floor, Room B401, Non-Fiction Bookcases(7-8) 11/15/2023   CHA 782.42164/092 ML3930.C96 FISTK02036 11/15/2023 11/15/2023 Books